S L Purathinte Natakangal (Record no. 41061)

MARC details
000 -LEADER
fixed length control field 00443nam a2200145Ia 4500
008 - FIXED-LENGTH DATA ELEMENTS--GENERAL INFORMATION
fixed length control field 211109s9999||||xx |||||||||||||| ||und||
082 ## - DEWEY DECIMAL CLASSIFICATION NUMBER
Classification number 894.8122
Item number SAD-S
100 ## - MAIN ENTRY--PERSONAL NAME
Personal name Sadanandan, S L Puram
245 #0 - TITLE STATEMENT
Title S L Purathinte Natakangal
260 ## - PUBLICATION, DISTRIBUTION, ETC.
Name of publisher, distributor, etc. SAHISTHIYAPRAVARTHAKA CO-OPERATIVE SOCIETY
Place of publication, distribution, etc. KOTTAYAM
Date of publication, distribution, etc. 1989
300 ## - PHYSICAL DESCRIPTION
Extent 1612p
630 ## - SUBJECT ADDED ENTRY--UNIFORM TITLE
General subdivision GENERAL STACK
650 ## - SUBJECT ADDED ENTRY--TOPICAL TERM
Topical term or geographic name entry element MALAYALAM
942 ## - ADDED ENTRY ELEMENTS (KOHA)
Koha item type BOOK
650 ## - SUBJECT ADDED ENTRY--TOPICAL TERM
Form subdivision MALAYALAM LITERATURE
General subdivision MALAYALAM DRAMA Malayalam
Holdings
Withdrawn status Lost status Damaged status Not for loan Home library Current library Date acquired Cost, normal purchase price Total Checkouts Full call number Barcode Shelving location Date last seen Price effective from Koha item type
        SB LIBRARY SB LIBRARY 09/11/2021 250.00   894.8122 SAD-S 00082688 GENERAL STACK 09/11/2021 09/11/2021 BOOK

Powered by Koha